000 00351nam a2200133Ia 4500
008 240624s9999 xx 000 0 und d
041 _aeng
082 _a659.1 ROM
100 _aROMAN KENNETH
245 _aHOW TO ADVERTISE WHAT WORKS WHAT DOESN T
260 _c2008
_aNew Delhi
_bKogan Page
300 _axxi, : 218 : p. : cm. ; 22
365 _cRS
_b30
999 _c14452
_d14452